Official Fish of Canadian Provinces and Territories, and U.S. States - Statistics

General Stats
  • This quiz has been taken 25 times
    19 since last reset
  • The average score is 29 of 66
Answer Stats
Province/ State Fish Species % Correct
Alberta Bull Trout
92%
British Columbia (answer is a genus of fish species) Pacific Salmon
69%
Florida (freshwater) Florida Largemouth Bass
62%
Alaska King Salmon
62%
Utah Bonneville Cutthroat Trout
54%
Michigan Brook Trout
54%
Vermont (cold water) Brook Trout
54%
Missouri (fish) Channel Catfish
54%
California (freshwater) Golden Trout
54%
Colorado Greenback Cutthroat Trout
54%
Kentucky Kentucky Spotted Bass
54%
Alabama (Freshwater) Largemouth Bass
54%
Indiana Largemouth Bass
54%
Mississippi Largemouth Bass
54%
Washington Steelhead
54%
Minnesota Walleye
54%
South Dakota Walleye
54%
Arizona Apache Trout
46%
Nova Scotia Brook Trout
46%
New Hampshire (freshwater) Brook Trout
46%
New Jersey Brook Trout
46%
New York (freshwater) Brook Trout
46%
Virginia (freshwater) Brook Trout
46%
Iowa Channel Catfish
46%
Kansas Channel Catfish
46%
Nebraska Channel Catfish
46%
Tennessee (commercial fish) Channel Catfish
46%
Newfoundland and Labrador Cod
46%
Idaho Cutthroat Trout
46%
Montana Cutthroat Trout
46%
Wyoming Cutthroat Trout
46%
Texas Guadalupe Bass
46%
Nevada Lahontan Cutthroat Trout
46%
Georgia Largemouth Bass
46%
Tennessee (sport fish) Largemouth Bass
46%
Wisconsin Muskellunge
46%
North Dakota Northern Pike
46%
New Mexico Rio Grande Cutthroat Trout
46%
Maryland Rockfish (Striped Bass)
46%
North Carolina (freshwater) Southern Appalachian Brook Trout
46%
New York (marine) Striped Bass
46%
Rhode Island Striped Bass
46%
South Carolina Striped Bass
46%
Virginia (saltwater) Striped Bass
46%
Manitoba Walleye
46%
Saskatchewan Walleye
46%
Ohio (unofficially) Walleye
46%
Vermont (warm water) Walleye
46%
West Virginia West Virginia Golden Brook Trout
46%
Oklahoma White Bass
46%
Maine Atlantic Salmon
38%
Pennsylvania Brook Trout
38%
Oregon Chinook Salmon
38%
New Hampshire (saltwater) Striped Bass
38%
Northwest Territories Arctic Grayling
31%
North Carolina (saltwater) Channel Bass (Red Drum)
31%
Connecticut American Shad
23%
Illinois Bluegill
23%
Massachusetts Cod
23%
Missouri (aquatic animal) Paddlefish
23%
Louisiana White Crappie
23%
Florida (saltwater) Atlantic Sailfish
15%
California (saltwater) Garibaldi
15%
Hawaii Humuhumunukunukuāpuaʻa
15%
Alabama (saltwater) Tarpon
15%
Delaware Weakfish
15%
No matching quizzes found
Score Distribution
Percent of People with Each Score
Percentile by Number Answered
Your Score History
You have not taken this quiz since the last reset